100 QUOTES - Harry Potter and the Goblet of Fire - Statistics

General Stats
  • This quiz has been taken 277 times
  • The average score is 63 of 100
Answer Stats
Quote Character % Correct
Traditional?! They're ancient! l look like my Great Aunt Tessie! l smell like my Great Aunt Tessie. Ron
92%
Why are they all standing around that manky old boot? Harry
90%
l don't know, but l don't think it's pumpkin juice. Harry
85%
I don't think it was the books that had him going to the library. Harry
85%
No, the boy is everything! Voldemort
85%
Eternal glory. That is what awaits the student who wins the Triwizard Tournament. Dumbledore
82%
Harry, did you put your name in the Goblet of Fire?! Dumbledore
82%
l don't think l said anything about a graveyard, professor. Harry
82%
Oi, Hermione. You're a girl. Ron
82%
l never liked these curtains. Set them on fire in my fourth year. Dumbledore
79%
l won't be going alone, because, believe it or not, someone's asked me! And l said yes! Hermione
79%
What the bloody hell was that? Ron
79%
I think he's got a bit more than friendship on his mind. Ron
79%
You and your little friends are brewing Polyjuice Potion, and believe me...l'm going to find out why! Snape
79%
You see, people change in the maze. Oh, find the cup if you can. But be very wary, you could just lose yourselves along the way. Dumbledore
77%
There was a man, before. There! Harry
77%
Why do they have to travel in packs? Harry
77%
So a genius like Dumbledore couldn't possibly be fooled by a dodge as pathetically dimwitted as an Aging Potion. Hermione
77%
l'm not an owl! Hermione
77%
He's like a bird, the way he rides the wind. He's more than an athlete...He's an artist. Ron
77%
Father and l are in the minister's box, by personal invitation of Cornelius Fudge himself. Draco
74%
The Ministry of Magic does not wish me to tell you this. But not to do so, l think, would be an insult to his memory. Dumbledore
74%
Never gonna let him forget this, are you? Harry
74%
l will not have you, in the course of a single evening, besmirching that name by behaving like a babbling, bumbling band of baboons. McGonagall
74%
l don't know about a turnip. But you could always use gillyweed. Neville
74%
Oh, my God. l've killed Harry Potter. Neville
74%
That's my son! That's my boy! Amos
72%
You know the Prefects' bathroom on the fifth floor? lt's not a bad place for a bath. Cedric
72%
Harry, take my body back, will you? Take my body back to my father. Cedric
72%
Oh, Harry, do feel free to indulge in a little Licorice Snap in my absence. Dumbledore
72%
l have to admit that Horntail is a right nasty piece of work. Hagrid
72%
Next to last. Fleur never got past the Grindylows. Hermione
72%
Kill the spare. Voldemort
72%
Dumbledore wouldn't want you to forget your manners, would he? l said, bow. Voldemort
72%
l'm sorry, but someone's already asked me. And... well, l've said l'll go with him. Cho
69%
The Dark Lord. What was it like to stand in his presence? Crouch Jr.
69%
Today he's no more a Death Eater than I am. Dumbledore
69%
Hermione. This is for you. Write to me. Promise. Krum
69%
Long time no see. l was circling a blocked drain the other day and could swear l saw a bit of Polyjuice Potion. Not being a bad boy again, are you, Harry? Moaning Myrtle
69%
Harry, take my waist! Parvati
69%
You know how l like it when they walk. Ron
69%
Blimey. That's one big woman. Seamus
69%
''Me, Myself and l'' want to know. Not to mention my rabid readers. Skeeter
69%
Why so tense, Potter? Draco
67%
Priori Incantatem. Dumbledore
67%
l'm not wearing that, it's ghastly. Ginny
67%
l remember when l first met you all. Biggest bunch of misfits l ever set eyes on. Hagrid
67%
Maybe you're imagining things. Wouldn't be the first time. Harry
67%
He's bewitched! Harry
67%
Honestly, get dressed. Hermione
67%
Where have you been! Never mind, off to bed, both of you! Hermione
67%
Now! Bone of the father...unwillingly given. Flesh of the servant...willingly sacrificed. And blood of the enemy...forcibly taken. Pettigrew
67%
l can touch you now! Voldemort
67%
Two Pumpkin Pasties, please. Cho
64%
l could tell you stories about your father that would curl even your greasy hair! lt doesn't end here! Crouch Jr.
64%
I know for a fact this person took part in the capture, and by means of the Cruciatus Curse, torture of the Auror Frank Longbottom and his wife! Karkaroff
64%
lt's a sign, Severus. You know what it means as well as l. Karkaroff
64%
But you know, Monsieur Hagrid, they drink only single-malt whiskey. Maxime
64%
Something's about to burst out of Eloise Midgen, but l don't think it's a swan. Ron
64%
Miss Delacour? She's as much a fairy princess as l am. Crouch Jr.
62%
Do not lie! You've been discovered at the scene of the crime. Crouch Sr.
62%
The Triwizard Tournament will not be canceled. l will not be seen as a coward! Fudge
62%
l think you're in love, Ron. Ginny
62%
You have no business here. This tent is for champions...and friends. Krum
62%
My Lord, had l detected any sign, a whisper of your whereabouts... Lucius
62%
Ron, get out of the kitchen. We're all hungry. Arthur
59%
Every time I get close to an answer, it slips away. It's maddening! Dumbledore
59%
Let the match begin! Fudge
59%
You're a right foul git, you know that? Harry
59%
Well, put it this way: lf it rains, you'll be the first to know. Lucius
59%
You know, for a moment there, l thought you were gonna let it get me. Cedric
56%
l'll show you mine if you show me yours. Crouch Jr.
56%
Keep everybody in their seats. A boy has just been killed. Fudge
56%
l'm sorry, Albus. Mad Eye
56%
Well, the devil with Barty and his rules. And since when did you accommodate the Ministry? McGonagall
56%
The name! Give me the wretched name! Crouch Sr.
54%
Well, you will do well to remember it. McGonagall
54%
You alright Harry? I-I just got in. Me! Neville
54%
No way. The old codger can see out the back of his head. Seamus
54%
Keep your friends close, Harry. Sirius
54%
Potter! What's your hurry? Snape
54%
You seem to have given this a fair bit of thought, Mad-Eye. Karkaroff
51%
Clear the runway! Hagrid
49%
Oh well spotted. Hermione
49%
We can linger for a moment to give you some time...but only a moment. Do you understand? James
46%
Merlin's beard! You must be Harry Potter. Amos
44%
Stupid ceiling. Crouch Jr.
44%
What's got your wand in a knot? Hermione
44%
Young love. Oh how stirring. Skeeter
44%
Can we get closer? Maxime
38%
l suppose l was a bit distraught. Ron
38%
lf she bites, she's lethal. Crouch Jr.
36%
But of course he is lying. Maxime
33%
l'm saying the devils are inside the walls. Sirius
33%
Get your filthy hands off me, you pathetic little man! Crouch Jr.
31%
Auror? Dean
31%
Cooked it up just this morning. Fred
31%
You should feel right at home then. Skeeter
31%
I’ll bet that cleared your sinuses, eh? Arthur
23%
You idiot! Flitwick
15%
No matching quizzes found
Score Distribution
Percent of People with Each Score
Percentile by Number Answered
Your Score History
You have not taken this quiz